La Concepción autoritaria del mundo /

Gardado en:
Detalles Bibliográficos
Autor Principal: Brunner, José Joaquín
Formato: Texto
Materias:
Etiquetas: Engadir etiqueta
Sen Etiquetas, Sexa o primeiro en etiquetar este rexistro!

MARC

LEADER 00000 a a2200000 04500
001 16479
003
040
100 |a Brunner, José Joaquín  
245 |a La Concepción autoritaria del mundo /  |c José Joaquín Brunner  
650 |a IDEOLOGIAS  
650 |a BURGUESIA  
650 |a CLASES SOCIALES  
650 |a CHILE  
773 |g volumen 42, número 3; páginas 991-1031  
999 |c 27188  |d 27188